Khảo sát tình hình hội chứng rối loạn sinh sản và hô hấp trên heo trong tỉnh Bạc Liêu và thử nghiệm điều trị triệu chứng bệnh : Luận văn thạc sĩ Khoa học Nông nghiệp. Chuyên ngành: Thú y
Đề tài khảo sát tình hình dịch bệnh hội chứng rối loạn sinh sản và hô hấp (PRRS) trong tỉnh Bạc Liêu. Khảo sát sự lưu hành virus PRRS trên đàn heo trong tỉnh. Thử nghiệm điều trị triệu chứng bệnh và các bệnh kế phát....
Saved in:
| Main Author: | |
|---|---|
| Format: | Book |
| Language: | Undetermined |
| Published: |
Cần Thơ
Trường Đại học Cần Thơ
2010
|
| Subjects: | |
| Tags: |
Add Tag
No Tags, Be the first to tag this record!
|
| Institutions: | Trung tâm Học liệu Trường Đại học Cần Thơ |
|---|
| LEADER | 01294nam a2200229Ia 4500 | ||
|---|---|---|---|
| 001 | CTU_163285 | ||
| 008 | 210402s9999 xx 000 0 und d | ||
| 082 | |a 636.4089692 | ||
| 082 | |b M107 | ||
| 088 | |a 60640101 | ||
| 100 | |a Phan, Hoàng Mạnh | ||
| 245 | 0 | |a Khảo sát tình hình hội chứng rối loạn sinh sản và hô hấp trên heo trong tỉnh Bạc Liêu và thử nghiệm điều trị triệu chứng bệnh : | |
| 245 | 0 | |b Luận văn thạc sĩ Khoa học Nông nghiệp. Chuyên ngành: Thú y | |
| 245 | 0 | |c Phan Hoàng Mạnh ; Hồ Thị Việt Thu (Hướng dẫn Khoa học) | |
| 260 | |a Cần Thơ | ||
| 260 | |b Trường Đại học Cần Thơ | ||
| 260 | |c 2010 | ||
| 520 | |a Đề tài khảo sát tình hình dịch bệnh hội chứng rối loạn sinh sản và hô hấp (PRRS) trong tỉnh Bạc Liêu. Khảo sát sự lưu hành virus PRRS trên đàn heo trong tỉnh. Thử nghiệm điều trị triệu chứng bệnh và các bệnh kế phát. | ||
| 650 | |a Swine,Veterinary microbiology,Vi sinh vật thú y,Heo | ||
| 650 | |x Diseases,Bệnh tật | ||
| 904 | |i Năm | ||
| 980 | |a Trung tâm Học liệu Trường Đại học Cần Thơ | ||